000 01270nam0a22002771 4500
001 rc\2813446
005 20250806210847.0
035 _a(NLR Aleph) 006939248
090 _a38772
_c38772
100 _a20110915d1945 u y0rusy50 ca
101 0 _arus
102 _aRU
105 _aa j |||||
200 1 _aНеобыкновенные небесные явления и объяснение их наукой
_eСтеногр. лекции, прочит. проф. К. Л. Баевым в лектории по естеств.-науч. вопросам при Раменск. горкоме ВЛКСМ
_fОтдел пропаганды и агитации Центр. ком-та ВЛКСМ
210 _a[Москва]
_cизд. и фабрика юнош. книги изд-ва "Мол. гвардия"
_d1945
215 _a31 с., без обл.
_cил.
_d20 см.
320 _a"Литература": стр. 31
333 _aНа правах рукописи
700 1 _aБаев
_bК.Л.
_f1881-1953
_gКонстантин Львович
801 0 _aRU
_bNLR
_gpsbo
801 1 _aRU
_bELAR
_2rusmarc
852 _aNLR
_jЕ02 Г-4/9
942 _cBOOK
945 _aРоссийская национальная библиотека
980 _aNB
980 _aBV